Hume : a re-evaluation /

Bibliographic Details
Other Authors: Livingston, Donald W., King, James T.
Format: Book
Language:English
Published: New York : Fordham University Press, 1976.
Subjects:

MARC

Tag First Indicator Second Indicator Subfields
LEADER 00000cam a2200000 i 4500
001 in00000477621
005 20151012165241.0
008 770127s1976 nyu b 00100 eng
010 |a  76013968  
020 |a 0823210073 :  |c $25.00. 
020 |a 0823210081 (pbk. :)  |c $8.00 
035 |a (OCoLC)03017700 
035 |9 ABZ8455AM 
040 |a DLC  |c DLC  |d TXA  |d UtOrBLW 
049 |a TXAM  |c [1435158] 
050 0 0 |a B1498  |b .H87 
082 0 |a 192 
245 0 0 |a Hume :  |b a re-evaluation /  |c edited by Donald W. Livingston & James T. King. 
264 1 |a New York :  |b Fordham University Press,  |c 1976. 
300 |a x, 421 pages ;  |c 24 cm. 
336 |a text  |b txt  |2 rdacontent 
337 |a unmediated  |b n  |2 rdamedia 
338 |a volume  |b nc  |2 rdacarrier 
504 |a Includes bibliographical references and index. 
600 1 0 |a Hume, David,  |d 1711-1776. 
700 1 |a Livingston, Donald W. 
700 1 |a King, James T. 
999 |a MARS 
999 f f |s 038e5f89-d8c3-3523-b4c5-8699bcd5a930  |i b9cd5465-4dc7-3b48-8ba2-387e3194af23  |t 0 
952 f f |p ric  |a Texas A&M University  |b Rellis Campus  |c Joint Library Facility  |d Remote Storage  |t 0  |e B1498 .H87  |h Library of Congress classification  |i unmediated -- volume  |m A14801614956 
998 f f |a B1498 .H87  |t 0  |l Remote Storage